Holy Trinity, 7 deadly sins, 10 commandments quiz - Statistics

General Stats
  • This quiz has been taken 72 times
  • The average score is 9 of 20
Answer Stats
Answer % Correct
Gluttony
89%
Lust
86%
Sloth
86%
Son
83%
Wrath
83%
Father
82%
Greed
82%
Holy Spirit
82%
Envy
80%
Pride
77%
You shall not murder
35%
You shall not steal
30%
You shall not covet
17%
You shall not commit adultery
12%
You shall have no other gods before me
5%
You shall not bear false witness against your neighbour
5%
Honour your mother and your father
3%
Remember the Sabbath day, to keep it holy
2%
You shall not make idols
2%
You shall not take the name of the lord your god in vein
2%
No matching quizzes found
Score Distribution
Percent of People with Each Score
Percentile by Number Answered
Your Score History
You have not taken this quiz